000 01038 a2200217 4500
003 Nust
005 20221226114314.0
010 _a77359245
020 _a0195648145
040 _cNust
082 _a340.59,FYZ
100 _aFyzee, Asaf Ali Asghar,
_9105900
245 _aOutlines of Muhammadan law
_cAsaf A. A. Fyzee
250 _a4th ed
260 _aOxford University Press
_bDelhi
_c1974
300 _axix, 520 p
_b[2] fold. leaves of plates
_c23 cm
505 _aIntroduction To The Study Of Muhammadan Law (Page-1), Application And Interpretation (Page-55), Marraiage (Page-88), Dower (Page-132), Dissolution Of Marriage (Page-146), Parentage And Legitimacy (Page-189), Guardianship (Page-197), Maintenance (Page-211), Gifts (Page-217), Wakf (Page-274), Pre-Empton (Page-333), Will And Gifts Made In Deathillness (Page-355), The Administration Of Estates (Page-375), The Sunnite Law Of Inheritance (Page-387).
600 _aFyzee, Asaf Ali Asghar,
_9105900
650 _aOutlines of Muhammadan law
_9105901
942 _2ddc
_cBK
999 _c184580
_d184580